Cuando los niños crecen / (Registro nro. 12356)

Detalles MARC
000 -LIDER
fixed length control field 00819nam a22002537a 4500
001 - NÚMERO DE CONTROL
Identificador de número de control 000584721
003 - IDENTIFICACDOR DE NÚMERO DE CONTROL
control field DO-SdBNP
005 - DATE AND TIME OF LATEST TRANSACTION
control field 20180219124210.0
007 - CAMPOS FIJOS DE DESCRIPCIÓN FÍSICA
fixed length control field 000584721
008 - ELEMENTOS DE LONGITUD FIJA
fixed length control field 161205b 1962 sp a ||||| |||| 00| 0 spa d
040 ## - FUENTE DE CATALOGACIÓN
Agencia que crea de manera original el registro BPMSU
Idioma de catalogación spa
Agencia que realiza la transcripción BPMSU
100 1# - ASIENTO PRINCIPAL -- NOMBRE PERSONAL
Nombre personal Wirtz, Klara
240 1# - TITULO UNIFORME
Título uniforme Wenn die Kinder gross werden.
Idioma de una obra Español
245 10 - MENCIÓN DE TITULO
Título Cuando los niños crecen /
Mención de responsabilidad Klara Wirtz ; traducción de Consuelo Garcia.
260 ## - PUBLICACIÓN, DISTRIBUCIÓN, ETC. (PIE DE IMPRENTA)
Lugar de publicación, distribución, etc Madrid :
Nombre del editor, distribuidor, etc. Rialp,
Fecha de publicación, distribución, etc 1962.
300 ## - DESCRIPCIÓN FÍSICA
Extensión 73 p. :
Otros detalles físicos il. ;
Dimensiones 17 cm.
490 1# - MENCIÓN DE SERIES
Mención de serie Libros para el hogar. Serie B
Volume/sequential designation 12
500 ## - NOTA GENERAL
Nota general Trad. de: Wenn die Kinder gross werden
700 1# - ASIENTO SECUNDARIO -- NOMBRE PERSONAL
Nombre personal García, Consuelo,
Mención de responsabilidad tr.
830 #0 - ASIENTO SECUNDARIO DE SERIE--TÍTULO UNIFORME
Título uniforme Libros para el hogar. Serie B ;
Volume number/sequential designation 12
942 ## - ADDED ENTRY ELEMENTS (KOHA)
Source of classification or shelving scheme Dewey Decimal Classification
Koha item type Libros
945 ## - INFORMACIÓN DE PROCESAMIENTO LOCAL
Información de procesamiento local Inventariado, 2018/MFF
956 ## - LOCAL ELECTRONIC LOCATION AND ACCESS (OCLC)
Método de acceso LOPEREZ
Materiales especificados 10
Enlace 20161207
Campo enlazado y núm. de secuencia BPMSU
Nombre de host 00041
Existencias
Withdrawn status Lost status Source of classification or shelving scheme Damaged status Not for loan Collection code Home library Current library Date acquired Source of acquisition Total Checkouts Barcode Date last seen Price effective from Koha item type
    Dewey Decimal Classification     Colección Infantil General Biblioteca Pública Metropolitana Salomé Ureña Biblioteca Pública Metropolitana Salomé Ureña 12/07/2016 Donación   BPMSU16120213 12/07/2016 12/07/2016 Libros